Análisis de la vulnerabilidad ante las amenazas naturales de la Ruta Nacional 209, tramo Palmichal, Acosta – Aserrí Trabajo
שמור ב:
| מחבר ראשי: | |
|---|---|
| מחברים אחרים: | |
| פורמט: | ספר |
| שפה: | Spanish |
| יצא לאור: |
[San José ], Costa Rica
2019
|
| נושאים: | |
| תגים: |
הוספת תג
אין תגיות, היה/י הראשונ/ה לתייג את הרשומה!
|
MARC
| LEADER | 00000nam a22000007a 4500 | ||
|---|---|---|---|
| 003 | 012995 | ||
| 005 | 20230523155030.0 | ||
| 008 | 190304b2019 c a|||| ||m| 00| ||spa d | ||
| 040 | |c cru CEDI | ||
| 100 | |a Monge Azofeifa, Tobías Alonso, 1988- |9 547 | ||
| 245 | |a Análisis de la vulnerabilidad ante las amenazas naturales de la Ruta Nacional 209, tramo Palmichal, Acosta – Aserrí Trabajo | ||
| 260 | |a [San José ], Costa Rica |c 2019 | ||
| 300 | |a xvii, 158, [35]hojas : ilustraciones a color | ||
| 500 | |a Proyecto de graduación (licenciatura en ingeniería civil)--Universidad de Costa Rica. Facultad de Ingeniería. Escuela de Ingeniería Civil | ||
| 501 | |a Director de Proyecto de Graduación: Ing. William Vargas Monge, Ph.D | ||
| 650 | |x PERCEPCION DE RIESGOS - SAN JOSE (COSTA RICA) |x CARRETERAS - ASPECTOS AMBIENTALES - SAN JOSE (COSTA RICA) |x CARRETERAS - EFECTOS DE DESASTRES NATURALES - SAN JOSE (COSTA RICA) |x CARRETERAS - SAN JOSE (COSTA RICA) - EVALUACION | ||
| 700 | |9 546 |a Vargas Monge, William, 1961- |d Director del TFG | ||
| 942 | |c CEDI |h TFG 8145 |6 TFG_8145_000000000000000 | ||
| 999 | |c 21634 |d 21634 | ||
